01688nam a22002537a 450000500170000000800520001702000180006904000270008704100080011404400070012208200170012910000280014624500930017426004780026730000600074550000690080550400560087450502670093065000570119765000450125465000640129970000340136370000370139720150805103823.0140814|2007 xxu||||| |||| 00| 0 ck spa 2007 d a9789589893401 aCO-BoIAVH cCO-BoIAVH 0 aspa ack 4a333.7 bD35p1 aDelgado, Aida Mercedes.1 aPlan de Acción en Biodiversidad 2006-2030 Nariño/cAida Mercedes, Delgado... [et al] aPastobCorporación Autónoma Regional de Nariño-CORPONARIÑO bGobernación de Nariño-Secretaría de Agricultura y Medio Ambiente bUniversidad de Nariño bUnidad Administrativa Especial del Sistema de Parques Nacionales Naturales-UAESPNNbUniversidad MarianabAsociación para el Desarrollo Campesino -ADCbRed de Consejos Comunitarios de la Costa Pacífica-RECOMPASbAsociación de Consejos Comunitarios Étnico Territoriales de Nariño-ASOCOETNAR c2007 a323 p.bFot (col), tablas, gráficas.c28 cm.eCD-ROM. aIncluye índices de mapas, tablas, figuras, recuadros y anexos. aIncluye referencias bibliográficas(pág 301-323) aCap. 1 El departamento de Nariño como escenario del Plan de Acción en Biodiverisidad. Cap. 2 Lo que se usa, conserva y conoce de la biodiversidad en el departamento de Nariño. Cap. 3 Formulación propuesta técnica del Plan de Acción en Biodiversidad.  6aProtección del medio ambientezNariño (Colombia) 6aRecursos hídricoszNariño (Colombia) 6aProtección de los recursos naturaleszNariño (Colombia)1 aRuiz, Sandra Lucíaeeditora1 aNieto-M, Franciscoefotografía